Statistiques concernant Départements français n°5

Cliquez ici pour prendre le quiz!

Statistiques générales

  • Ce quiz a été pris 109 fois
    (40 depuis la dernière actualisation)
  • Le résultat moyen est 13 sur 15

Statistiques - réponses

NuméroDépartement% Correct
2BHaute-Corse
100%
21Côte-d'Or
94%
84Vaucluse
94%
89Yonne
94%
39Jura
91%
44Loire-Atlantique
91%
04Alpes-de-Haute-Provence
89%
17Charente-Maritime
89%
91Essonne
89%
31Haute-Garonne
89%
62Pas-de-Calais
89%
72Sarthe
89%
52Haute-Marne
86%
79Deux-Sèvres
80%
53Mayenne
80%

Distribution des résultats

Percentile par nombre de réponses

% des personnes avec chaque résultat

Votre développement - résultats

Vous n’avez pas pris ce quiz depuis la dernière actualisation